Simulation of a seat belt tensioning mechanism in an automobile

Gespeichert in:
Bibliographische Detailangaben
1. Verfasser: Lundgaard, Kristian Augustine (Verfasst von)
Weitere Verfasser: Kraus, Pavel (Betreuung Doktorarbeit)
Format: Manuskript Buch
Sprache:Slowakisch
Englisch
Veröffentlicht: 2016
Schlagworte:
Online-Zugang:http://is.stuba.sk/zp/portal_zp.pl?podrobnosti=112982
Tags: Tag hinzufügen
Keine Tags, Fügen Sie das erste Tag hinzu!

MARC

LEADER 00000ntm a22000003a 4500
001 stuzp59510
003 SK-STU
005 20160719155846.8
007 ta
008 150427s2015----xo-----f-mn---000-0-slo-d
040 |a STU  |b slo 
041 0 |a eng 
100 1 |a Lundgaard, Kristian Augustine  |u 020010  |4 aut  |U SjF Strojnícka fakulta  |T SjF Ústav aplikovanej mechaniky a mechatroniky  |X 65711  |U J0010  |Y 801  |7 65711 
242 0 1 |a Simulácia Napínacieho Mechanismu Bezpečnostného Pásu Automobilu  |y slo 
245 1 0 |a Simulation of a seat belt tensioning mechanism in an automobile 
260 |c 2016 
650 4 |a navíjač  |2 slo 
650 4 |a bezpečnostný pás  |2 slo 
650 4 |a ADAMS  |2 slo 
650 4 |a mechanizmus  |2 slo 
650 4 |a Seatbelt  |2 eng 
650 4 |a retractor  |2 eng 
650 4 |a ADAMS  |2 eng 
650 4 |a mechanism  |2 eng 
700 1 |a Kraus, Pavel  |u 020010  |k Z3  |4 ths  |U SjF Strojnícka fakulta  |T SjF Ústav aplikovanej mechaniky a mechatroniky  |X 68405  |U J0010  |Y 801  |7 A000068405 
856 4 |u http://is.stuba.sk/zp/portal_zp.pl?podrobnosti=112982 
SQL |a stuzp59510  |b DBP  |c ENG  |d Simulation of a seat belt tensioning mechanism in an automobile  |e 65711  |f Lundgaard, Kristian Augustine  |g 020010  |h 68405  |i Kraus, Pavel  |j 20160614  |k 645  |l 02  |m http://is.stuba.sk/zp/portal_zp.pl?podrobnosti=112982  |n B-AMAM  |o 5.1.7. aplikovaná mechanika, 5.2.16. mechatronika